| 000 | 00753nam a2200181 a 4500 | ||
|---|---|---|---|
| 003 | 0 | ||
| 005 | 20250603151231.0 | ||
| 008 | 021203s19uu xx 00 eng d | ||
| 050 |
_aPHS HN 720 _b.C66 2001 |
||
| 100 | _aConcepcion, Anne Merielle Lim. | ||
| 245 |
_aSimilarities and differences in perceptions, actions and offered solutions between prominent activist groups in the Philippines / _cAnne Merielle Lim Concepcion. |
||
| 260 |
_aLas PiƱas City, Philippines : _bSouthville International School and Colleges, _c2001. |
||
| 300 |
_avarious pagination : _billustrations ; _c28 cm. |
||
| 650 |
_aSocial movements _zPhilippines. |
||
| 650 |
_aPolitical activists _zPhilippines. |
||
| 650 |
_aPolitical participation _xPhilippines. |
||
| 942 |
_2lcc _cPASS |
||
| 999 |
_c96534 _d96534 |
||